| Registos Bibliográficos associados ao registo de autoridade |
|
Etiqueta de registo: 00000nam 2200025 450 001 2284297 003 http://id.bnportugal.gov.pt/bib/catbnp/2284297 100 ## $a20260414d2026 k y0pory01030103ba 101 0# $apor$deng 102 ## $aPT 105 ## $ay m 000yy 106 ## $ar 200 1# $aSlow work - implicações no bem-estar e na performance individual$fMaria João Aguiar Silvestre$gorient. Sónia P. Gonçalves, Maria João Velez 210 #9 $aLisboa$c[s.n.],$d2026 215 ## $aXIII f., 326 p.$d30 cm 328 #1 $aTese dout. Políticas de Desenvolvimento de Recursos Humanos, Instituto Superior de
Ciências Sociais e Políticas, Universidade de Lisboa, 2026 700 #1 $aSilvestre,$bSilvestre Maria João Aguiar$31995583 702 #1 $aGonçalves,$bSónia P.$4727$31339401 702 #1 $aVelez,$bMaria João Perdigão$4727$31706076 801 #0 $aPT$bBN$gRPC 966 ## $lBN$mFGMON$x1 971 ## $corlando$d20260414
|
|
|